000 00409 a2200157 4500
020 _a9789698906160
082 _a539
090 _c6527
_d6527
100 _aKhan,Badr Ud Duja.
245 _aNuclear Physics.
_cPro.Badr Ud Duja Khan
250 _a1st.
260 _aKarachi.
_bFederal Urdu University Science & Technology.
_c2008.
300 _a238p.
500 _aPaper cover.
942 _aNBS
_cBK
_k539 KHA
999 _c348886
_d348886